Schizophrenia : (Record no. 676)

MARC details
000 -LEADER
fixed length control field 00734nam a2200265 i 4500
005 - DATE AND TIME OF LATEST TRANSACTION
control field 20260322212029.0
008 - FIXED-LENGTH DATA ELEMENTS--GENERAL INFORMATION
fixed length control field data
010 ## - LIBRARY OF CONGRESS CONTROL NUMBER
LC control number 75003963
020 ## - INTERNATIONAL STANDARD BOOK NUMBER
International Standard Book Number 0121050505
020 ## - INTERNATIONAL STANDARD BOOK NUMBER
International Standard Book Number 9780121050504
040 ## - CATALOGING SOURCE
Original cataloging agency DLC
Transcribing agency DLC
Modifying agency CtY
050 0# - LIBRARY OF CONGRESS CALL NUMBER
Classification number RC514
Item number .B56
060 ## - NATIONAL LIBRARY OF MEDICINE CALL NUMBER
Classification number WM203 B644s
096 ## - LOCALLY ASSIGNED NLM-TYPE CALL NUMBER (OCLC)
Classification number WM 203 B644s 1976
001 - CONTROL NUMBER
control field data
100 1# - MAIN ENTRY--PERSONAL NAME
Personal name Blatt, Sidney J.
Fuller form of name (Sidney Jules)
245 10 - TITLE STATEMENT
Title Schizophrenia :
Remainder of title a developmental analysis /
Statement of responsibility, etc. Sidney J. Blatt, Cynthia M. Wild.
260 0# - PUBLICATION, DISTRIBUTION, ETC.
Place of publication, distribution, etc. New York :
Name of publisher, distributor, etc. Academic Press,
Date of publication, distribution, etc. 1976.
300 ## - PHYSICAL DESCRIPTION
Extent xii, 274 p. ;
Dimensions 24 cm.
500 ## - GENERAL NOTE
General note Includes indexes.
504 ## - BIBLIOGRAPHY, ETC. NOTE
Bibliography, etc. note Bibliography: p. 249-263.
650 #0 - SUBJECT ADDED ENTRY--TOPICAL TERM
Topical term or geographic name entry element Schizophrenia.
650 #0 - SUBJECT ADDED ENTRY--TOPICAL TERM
Topical term or geographic name entry element Developmental psychology.
700 1# - ADDED ENTRY--PERSONAL NAME
Personal name Wild, Cynthia M.
Holdings
Withdrawn status Lost status Damaged status Not for loan Home library Current library Shelving location Date acquired Total checkouts Full call number Barcode Date last seen Price effective from Koha item type
        Riverside Riverside General stacks 22/03/2026   RC514 .B56 BC0010693 22/03/2026 22/03/2026 Books